000 004260000a22001690004500
003 LK-CoMWRAF
008 230817t ||||| |||| 00| 0 eng d
040 _aLK-CoMWRAF
_dLK-CoMWRAF
_eLK-CoMWRAF
041 _aeng
082 _a156
_bHAN
100 _aHaniffa, S.M.
245 _aUththamath Doodar
_b
250 _aFouth Edition
260 _bIslamic Book Trust
_aSri Lanka (Colombo 10)
_c1976
300 _ap.44
942 _cBK
999 _c1923
_d1923